000 00862nam a2200265 a 4500
001 BRCA_3779
005 20190320204425.0
008 081109s1882----fr-a---###---#000-0#fre-#
041 _afre
044 _afr
050 4 _aF1434
_b.R67 1882
100 1 _aRosny, Leon Louis Lucien Prunol de
_d1837-1914
_99852
245 1 0 _aLes documents écrits de l´ antiquité américaine
_bcompterendu d´ une mission scientifique en Espagne et en Portugal (1880)
_cpar Léon de Rosny.
260 _aParís
_bMaisoneuve
_c1882
300 _a48 p.
_bil., 11 láminas
_c20 cm.
500 _aIncluye índice alfabético
500 _aB138
650 1 4 _aAztecas
_92396
650 1 4 _aMayas
_98077
650 1 4 _aIndios de México
_xAntigüedades
_99853
651 4 _aMéxico
_xAntigüedades
_92765
651 4 _aAmérica
_xAntigüedades
_99854
902 _aGFM
942 _2lcc
_cB
999 _c3508
_d3508